| 000 | 00753nam a22002417a 4500 | ||
|---|---|---|---|
| 003 | IIN | ||
| 005 | 20250604105811.0 | ||
| 008 | 250604s2022 |||ad||| |||| 001 0 eng d | ||
| 020 |
_a9789392242137 _cRs.495.00 |
||
| 040 | _aIIN | ||
| 082 |
_a610.730285 _bKAU |
||
| 100 | _aKaur, Arashgeet | ||
| 245 |
_aTextbook of Health/Nursing Informatics & Technology _bfor BSc Nursing Students (Sem-II)/ _cArashgeet Kaur & Taranpreet Kaur; edited by Bharat Pareek |
||
| 260 |
_aPunjab _bVHS _c2022 |
||
| 300 |
_avi, 266 p. _bill. |
||
| 500 | _aIncludes Index | ||
| 650 |
_aHealth _vInformatics _xNursing |
||
| 650 |
_aNursing _vInformatics _xHealth |
||
| 650 |
_aNursing _vTechnology |
||
| 700 | _aKaur, Taranpreet | ||
| 700 | _aPareek, Bharat (ed) | ||
| 942 | _cBOOK | ||
| 999 |
_c1856 _d1856 |
||